000
00306nam a22001337a 4500
082
_a
891.4391
100
_a
Amjad Islam Amjad
245
_a
Muhabat aisa darya hai
260
_a
Lahore,
_b
Jahangir book dipo
_c
2004
300
_a
143p. :
650
_a
Urdu poetry
700
_a
Amjad Islam Amjad
942
_c
BK
999
_c
11492
_d
11492